Central Library OPAC University of Rajshahi

Outlines of biochemistry / (Record no. 14511)

MARC details
000 -LEADER
fixed length control field 00885nam a2200289 a 4500
001 - CONTROL NUMBER
control field 14511
003 - CONTROL NUMBER IDENTIFIER
rucl marc code BD-RjUL
005 - DATE AND TIME OF LATEST TRANSACTION
control field 20211208235636.0
008 - FIXED-LENGTH DATA ELEMENTS--GENERAL INFORMATION
fixed length control field 140206s1949 nyua b 001 0 eng d
035 ## - SYSTEM CONTROL NUMBER
System control number OCLC ocm00410673 from D970828M
-- (BD-RjUL)14563
040 ## - CATALOGING SOURCE
Original cataloging agency DLC
Transcribing agency KEN
Modifying agency MDU
-- BD-RjUL
Language of cataloging eng
041 ## - LANGUAGE CODE
Language code of text/sound track or separate title eng
082 ## - DEWEY DECIMAL CLASSIFICATION NUMBER
Classification number 572
Author mark and year GOO 1953
Edition number 23
100 1# - MAIN ENTRY--PERSONAL NAME
Personal name Gortner, Ross Aiken,
Dates associated with a name 1885-1942.
9 (RLIN) 45246
245 10 - TITLE STATEMENT
Title Outlines of biochemistry /
250 ## - EDITION STATEMENT
Edition statement 3d ed.,
260 ## - PUBLICATION, DISTRIBUTION, ETC. (IMPRINT)
Place of publication, distribution, etc. New York :
Name of publisher, distributor, etc. J. Wiley,
Date of publication, distribution, etc. c19453
300 ## - PHYSICAL DESCRIPTION
Pagination xvi, 1078 p. :
Illustrations illus. ;
Size 24 cm.
504 ## - BIBLIOGRAPHY, ETC. NOTE
Bibliography, etc Bibliographical footnotes and index.
650 #0 - SUBJECT ADDED ENTRY--TOPICAL TERM
Topical term or geographic name as entry element Biochemistry.
9 (RLIN) 45247
Topical term or geographic name as entry element Chemistry, Organic.
9 (RLIN) 45248
Topical term or geographic name as entry element Chemistry, Physical and theoretical.
9 (RLIN) 45249
700 1# - ADDED ENTRY--PERSONAL NAME
Personal name Gortner, Ross Aiken,
Dates associated with a name 1912-
942 ## - ADDED ENTRY ELEMENTS (KOHA)
Source of classification or shelving scheme Dewey Decimal Classification
Koha item type Books
Holdings
Lost status Source of classification or shelving scheme Damaged status Not for loan Collection code Permanent Location Current Location Shelving location Date acquired Source of acquisition Cost, normal purchase price Total Checkouts Full call number Date last seen Copy number Koha item type
  Dewey Decimal Classification   Not For Loan Non-fiction Central Library, University of Rajshahi Central Library, University of Rajshahi Reading Room 23/09/1957 Publishers Ltd. 66.00   572 GOO 1953 06/02/2014 C-1 Books
  Dewey Decimal Classification     Non-fiction Central Library, University of Rajshahi Central Library, University of Rajshahi   19/01/2019       572 GOO 1953 19/01/2019 C-2 Books